000 01109nam a2200289Ia 4500
003 OSt
005 20220918112010.0
006 a|||||r|||| 00| 0
007 ta
008 220915b |||||||| |||| 00| 0 hin d
020 _a9788188939527 (hbk)
024 _a278339
037 _b13328ए 14ध्07ध्2012ए ज्ञपजंइ ळींत
037 _cTextbook
040 _bhin
_aARTS
_cARTS
041 _ahin
082 _aO157,3M76,DB, 152Q1
100 _aशरतचंद्र; टोकी, राजेन्द्र, संपा.
_911614
245 0 _aदो बहनें
246 _aDo bahanean
260 _aदिल्ली
_bसुमित बुक्स भारत
_c2011
300 _a96पृ0
_ccm.
650 _aबंगाली साहित्य
942 _hO157,3M76,DB, 152Q1
_cTB
_2CC
999 _c117799
_d117799